000 00452nam a22001577a 4500
008 170701s2011 gt||||| |||| 00| 0 spa d
082 0 4 _a861
_bT998e
100 1 _aTzoc, Manuel.
_95646
245 1 3 _aEl ebrio mar y yo /
_cManuel Tzoc.
250 _a2a edición.
260 _aGuatemala :
_bS.O.P.A,
_c2011.
300 _a40 páginas :
_bilustraciones.
653 1 0 _aLiteratura latinoamericana
653 1 0 _aPoesía - Arte
653 1 0 _aPoesía - Guatemala
999 _c1215
_d1215